ARRUPE JESUIT UNIVERSITY

CORONAVIRUS -STOP THE SPREAD - CLEAN,DISINFECT,COVER

Joan of arc and sacrificial authorship (Record no. 123847)

MARC details
000 -LEADER
fixed length control field 00579nam a22001577a 4500
008 - FIXED-LENGTH DATA ELEMENTS--GENERAL INFORMATION
fixed length control field 151208b xxu||||| |||| 00| 0 eng d
050 ## - LIBRARY OF CONGRESS CALL NUMBER
Classification number DC103.A84 2003
100 ## - MAIN ENTRY--PERSONAL NAME
Personal name Astell, Ann W.
9 (RLIN) 21244
245 ## - TITLE STATEMENT
Title Joan of arc and sacrificial authorship
Statement of responsibility, etc /by Ann W. Astell
260 ## - PUBLICATION, DISTRIBUTION, ETC. (IMPRINT)
Place of publication, distribution, etc Notre Dame
Name of publisher, distributor, etc University of Notre Dame Press
Date of publication, distribution, etc 2003
300 ## - PHYSICAL DESCRIPTION
Extent xvi,283p. ;
Dimensions 24cm.
650 ## - SUBJECT ADDED ENTRY--TOPICAL TERM
Topical term or geographic name as entry element Joan, of Arc, Saint 1412-1431
General subdivision In literature
9 (RLIN) 21245
650 ## - SUBJECT ADDED ENTRY--TOPICAL TERM
Topical term or geographic name as entry element Literature, Modern
General subdivision History and Criticism
9 (RLIN) 21246
650 ## - SUBJECT ADDED ENTRY--TOPICAL TERM
Topical term or geographic name as entry element Authorship
General subdivision Psychological aspects
9 (RLIN) 21247
942 ## - ADDED ENTRY ELEMENTS (KOHA)
Source of classification or shelving scheme Library of Congress Classification
Item type Monograph ( Printed materials)
Holdings
Withdrawn status Lost status Source of classification or shelving scheme Damaged status Not for loan Collection code Home library Current library Shelving location Date acquired Total Checkouts Full call number Barcode Date last seen Price effective from Koha item type
    Library of Congress Classification     Main Collection ARRUPE LIBRARY ARRUPE LIBRARY Main Collection 08/12/2015   DC103.A84 2003 46500005711 08/12/2015 08/12/2015 Monograph ( Printed materials)

 

Arrupe Library. PO Box MP320 Mt Pleasant, Harare, Zimbabwe
263 242 745411|librarian@aju.ac.zw